[Event "Belgrade Serbia op"]
[Site "Belgrade"]
[Date "2023.07.18"]
[Round "3"]
[White "Bronstein, Or"]
[Black "Chigaev, Maksim"]
[Result "1-0"]
[WhiteElo "2448"]
[BlackElo "2621"]
[PlyCount "75"]
[EventDate "2023.07.16"]
[EventType "swiss"]
[EventRounds "9"]
[EventCountry "SRB"]
[SourceTitle "CBM 215 Extra"]
[Source "ChessBase"]
[SourceDate "2023.09.30"]
[SourceVersion "1"]
[SourceVersionDate "2023.09.30"]
[SourceQuality "1"]

1. d4 e6 2. c4 b6 3. a3 Bb7 4. Nc3 Nf6 5. d5 Bd6 6. Nf3 0-0 7. g3 exd5 8. cxd5 Re8 9. Bg2 a5 10. 0-0 Na6 11. Nd4 Nc5 12. Qc2 a4 13. Rd1 Be5 14. Rb1 d6 15. e4 Qd7 16. f3 c6 17. dxc6 Bxc6 18. Nxc6 Qxc6 19. Na2 b5 20. Nb4 Qb6 21. Be3 Rac8 22. Bh3 Rc7 23. f4 Bxf4 24. gxf4 Rxe4 25. Nd5 Nxd5 26. Qxe4 Nxe4 27. Bxb6 Nxb6 28. Bf5 Nf6 29. Rxd6 Nbd7 30. Rbd1 Nf8 31. Rb6 Rc5 32. Bd3 h5 33. Rxb5 Rc8 34. Bf5 Re8 35. Rd6 h4 36. Rc6 Ne6 37. Bxe6 fxe6 38. Rbc5 1-0

[Event "Teplice op"]
[Site "Teplice"]
[Date "2023.06.18"]
[Round "9"]
[White "Plischki, Sebastian"]
[Black "Bronstein, Or"]
[Result "1-0"]
[WhiteElo "2328"]
[BlackElo "2463"]
[PlyCount "91"]
[EventDate "2023.06.10"]
[EventType "swiss"]
[EventRounds "9"]
[EventCountry "CZE"]
[SourceTitle "CBM 214 Extra"]
[Source "ChessBase"]
[SourceDate "2023.07.31"]
[SourceVersion "1"]
[SourceVersionDate "2023.07.31"]
[SourceQuality "1"]

1. Nf3 d5 2. g3 Nc6 3. d4 Bf5 4. a3 e6 5. Bg2 Be7 6. c4 Nf6 7. Nc3 0-0 8. cxd5 exd5 9. Ne5 Bd6 10. Bf4 Re8 11. Nxc6 bxc6 12. Bxd6 cxd6 13. 0-0 Qd7 14. e3 h5 15. h4 a5 16. Qd2 Rab8 17. b4 axb4 18. axb4 Rxb4 19. Nxd5 Nxd5 20. Bxd5 Reb8 21. Bg2 Rb2 22. Qd1 Bg4 23. Qc1 Be2 24. Re1 R8b6 25. Ra3 d5 26. e4 Bc4 27. Qg5 Rb8 28. Qxh5 c5 29. exd5 cxd4 30. Be4 g6 31. Bxg6 fxg6 32. Qxg6+ Kh8 33. Re5 Rb1+ 34. Kh2 Rh1+ 35. Kxh1 Qh3+ 36. Kg1 Qf1+ 37. Kh2 Qxf2+ 38. Kh3 Bf1+ 39. Kg4 Be2+ 40. Kg5 Rg8 41. Qxg8+ Kxg8 42. Ra8+ Kf7 43. Rf5+ Qxf5+ 44. Kxf5 d3 45. Ra7+ Ke8 46. Ra2 1-0

[Event "Ramat Gan Shavuot op"]
[Site "Ramat Gan"]
[Date "2023.05.25"]
[Round "2"]
[White "Bronstein, Or"]
[Black "Ehrlich, Roy"]
[Result "1-0"]
[WhiteElo "2463"]
[BlackElo "2228"]
[PlyCount "59"]
[EventDate "2023.05.25"]
[EventType "swiss (rapid)"]
[EventRounds "6"]
[EventCountry "ISR"]
[SourceTitle "CBM 214 Extra"]
[Source "ChessBase"]
[SourceDate "2023.07.31"]
[SourceVersion "1"]
[SourceVersionDate "2023.07.31"]
[SourceQuality "1"]

1. d4 e6 2. c4 Bb4+ 3. Bd2 c5 4. Bxb4 cxb4 5. Nf3 Nf6 6. e3 0-0 7. Be2 d6 8. a3 bxa3 9. Rxa3 a5 10. b4 Nc6 11. b5 Nb4 12. 0-0 b6 13. Nc3 Qe7 14. Na4 Rb8 15. Ne1 d5 16. c5 bxc5 17. Nxc5 Nd7 18. Nxd7 Bxd7 19. Rxa5 Rfc8 20. Nf3 Nc2 21. Ra7 Qd6 22. Ne5 Be8 23. Bd3 f6 24. Nc6 Bxc6 25. bxc6 Qxc6 26. Bxh7+ Kf8 27. Bxc2 Qxc2 28. Qh5 Rc7 29. Qh8+ Kf7 30. Qxb8 1-0

[Event "Titled Tuesday intern op 25th Apr Late"]
[Site "Chess.com INT"]
[Date "2023.04.25"]
[Round "1"]
[White "Ansh, M Shah"]
[Black "Bronstein, Or"]
[Result "0-1"]
[WhiteElo "2171"]
[BlackElo "2463"]
[PlyCount "52"]
[EventDate "2023.04.25"]
[EventType "swiss (blitz)"]
[EventRounds "11"]
[EventCountry "USA"]
[SourceTitle "EXT 2024"]
[Source "ChessBase"]
[SourceDate "2023.10.10"]
[SourceVersion "1"]
[SourceVersionDate "2023.10.10"]
[SourceQuality "1"]

1. d4 Nf6 2. c4 g6 3. h4 Bg7 4. Nc3 0-0 5. e4 c5 6. d5 d6 7. Be2 b5 8. cxb5 a6 9. a4 axb5 10. Bxb5 Ba6 11. Bd2 Nbd7 12. f3 Ne5 13. Qc2 e6 14. Bxa6 Rxa6 15. Nge2 exd5 16. exd5 Re8 17. 0-0 Nc4 18. Bf4 Nh5 19. Bg5 Qb8 20. b3 Ne3 21. Bxe3 Rxe3 22. Rae1 Qe8 23. Qd2 Rb6 24. Nb5 Bh6 25. Ng3 Nxg3 26. Rxe3 Bxe3+ 0-1

[Event "Titled Tuesday intern op 25th Apr Late"]
[Site "Chess.com INT"]
[Date "2023.04.25"]
[Round "8"]
[White "Bronstein, Or"]
[Black "Durarbayli, Vasif"]
[Result "0-1"]
[WhiteElo "2463"]
[BlackElo "2627"]
[PlyCount "96"]
[EventDate "2023.04.25"]
[EventType "swiss (blitz)"]
[EventRounds "11"]
[EventCountry "USA"]
[SourceTitle "EXT 2024"]
[Source "ChessBase"]
[SourceDate "2023.10.10"]
[SourceVersion "1"]
[SourceVersionDate "2023.10.10"]
[SourceQuality "1"]

1. d4 Nf6 2. c4 e6 3. Nc3 Bb4 4. e3 0-0 5. Bd3 d6 6. Nge2 e5 7. 0-0 Nc6 8. Nd5 Ba5 9. Qa4 Bb6 10. Nxb6 cxb6 11. d5 e4 12. Bb1 Ne5 13. Ng3 Bd7 14. Qd1 Bg4 15. Qd4 Re8 16. Nxe4 Nxe4 17. Bxe4 f5 18. f4 fxe4 19. fxe5 Rxe5 20. Bd2 Qg5 21. Be1 Qg6 22. Bg3 Re7 23. Rf4 Rae8 24. Raf1 h5 25. Bh4 Rc7 26. b3 Be2 27. R1f2 Bg4 28. Kh1 b5 29. h3 Bc8 30. cxb5 b6 31. Kh2 Rc5 32. b4 Rc1 33. Be7 Rxe7 34. Rf8+ Kh7 35. Rxc8 Rxc8 36. Rf4 Rce8 37. Qd2 Qg5 38. Qf2 Qe5 39. h4 Qxd5 40. Rf5 Re5 41. Rf7 Qe6 42. Qf4 Qg6 43. Rxa7 Rf5 44. Qg3 Qxg3+ 45. Kxg3 Rxb5 46. Rd7 Rxb4 47. Rxd6 Ra4 48. Re6 Rxe6 0-1

[Event "Titled Tuesday intern op 25th Apr Late"]
[Site "Chess.com INT"]
[Date "2023.04.25"]
[Round "5"]
[White "Bronstein, Or"]
[Black "Esipenko, Andrey"]
[Result "0-1"]
[WhiteElo "2463"]
[BlackElo "2679"]
[PlyCount "92"]
[EventDate "2023.04.25"]
[EventType "swiss (blitz)"]
[EventRounds "11"]
[EventCountry "USA"]
[SourceTitle "EXT 2024"]
[Source "ChessBase"]
[SourceDate "2023.10.10"]
[SourceVersion "1"]
[SourceVersionDate "2023.10.10"]
[SourceQuality "1"]

1. d4 Nf6 2. c4 e6 3. Nf3 b6 4. g3 Ba6 5. b3 Bb4+ 6. Bd2 Be7 7. Nc3 d5 8. cxd5 exd5 9. Bg2 0-0 10. 0-0 Nbd7 11. Qc2 Re8 12. Rfd1 Nf8 13. Ne5 Bb7 14. Bg5 Ne6 15. Bxf6 Bxf6 16. e3 c6 17. b4 Rc8 18. Qb3 h5 19. h4 Qd6 20. Nd3 Red8 21. a4 Rc7 22. Rac1 g6 23. Ne2 a6 24. Nef4 Nxf4 25. Nxf4 b5 26. Nd3 Bc8 27. Nc5 Bg7 28. Ra1 Re8 29. Ra2 Rce7 30. Rc1 Kh7 31. axb5 axb5 32. Ra8 Bh6 33. Re1 Bf5 34. Rxe8 Rxe8 35. e4 Bg7 36. e5 Qe7 37. Ra1 f6 38. f4 g5 39. exf6 Qxf6 40. Kh2 gxf4 41. Rf1 Bh6 42. Qa3 Rg8 43. Rf3 fxg3+ 44. Rxg3 Qxh4+ 45. Bh3 Bf4 46. Qa7+ Kh6 0-1

[Event "Titled Tuesday intern op 25th Apr Early"]
[Site "Chess.com INT"]
[Date "2023.04.25"]
[Round "1"]
[White "Bronstein, Or"]
[Black "Luukkonen, Tommi"]
[Result "1-0"]
[WhiteElo "2463"]
[BlackElo "2292"]
[PlyCount "97"]
[EventDate "2023.04.25"]
[EventType "swiss (blitz)"]
[EventRounds "11"]
[EventCountry "USA"]
[SourceTitle "EXT 2024"]
[Source "ChessBase"]
[SourceDate "2023.10.10"]
[SourceVersion "1"]
[SourceVersionDate "2023.10.10"]
[SourceQuality "1"]

1. d4 Nf6 2. Bf4 c5 3. d5 d6 4. Nc3 e5 5. Bd2 a6 6. a4 Be7 7. e4 0-0 8. Be2 Ne8 9. Nf3 g6 10. Bh6 Ng7 11. h4 f5 12. h5 Nxh5 13. Bxf8 Qxf8 14. exf5 Bxf5 15. Nh4 Nf4 16. Nxf5 Qxf5 17. Bf3 Nd7 18. g3 Rf8 19. gxf4 Qxf4 20. Rh3 e4 21. Nxe4 Ne5 22. Bg2 Bh4 23. Qe2 g5 24. Qe3 Qg4 25. Rxh4 gxh4 26. Qg5+ Qxg5 27. Nxg5 Rf4 28. Ra3 Nc4 29. Rc3 h6 30. Bh3 hxg5 31. Be6+ Kg7 32. Rb3 Re4+ 33. Kd1 Rd4+ 34. Ke2 Rd2+ 35. Ke1 Rxc2 36. Rxb7+ Kf6 37. Rf7+ Ke5 38. b3 Nb2 39. Rf5+ Kd4 40. Rxg5 Nd3+ 41. Kf1 Rxf2+ 42. Kg1 Rb2 43. Rg4+ Kc3 44. Rxh4 Rxb3 45. Bf5 c4 46. Rh6 Rb1+ 47. Kg2 Nf4+ 48. Kf3 Nxd5 49. Bxb1 1-0

[Event "Titled Tuesday intern op 25th Apr Late"]
[Site "Chess.com INT"]
[Date "2023.04.25"]
[Round "6"]
[White "Hansen, Eric"]
[Black "Bronstein, Or"]
[Result "0-1"]
[WhiteElo "2609"]
[BlackElo "2463"]
[PlyCount "62"]
[EventDate "2023.04.25"]
[EventType "swiss (blitz)"]
[EventRounds "11"]
[EventCountry "USA"]
[SourceTitle "EXT 2024"]
[Source "ChessBase"]
[SourceDate "2023.10.10"]
[SourceVersion "1"]
[SourceVersionDate "2023.10.10"]
[SourceQuality "1"]

1. b3 d5 2. Bb2 Bg4 3. h3 Bh5 4. g4 Bg6 5. Nf3 Nc6 6. d3 f6 7. a3 e5 8. Bg2 a5 9. Nbd2 Bc5 10. e3 Nge7 11. Qe2 0-0 12. g5 Bh5 13. gxf6 Rxf6 14. Qf1 Ng6 15. 0-0-0 Qe7 16. d4 Bxa3 17. Qb5 a4 18. dxe5 Bxb2+ 19. Kxb2 Ngxe5 20. Qxd5+ Bf7 21. Qe4 axb3 22. Ra1 Ra2+ 23. Rxa2 bxa2 24. Nxe5 Nxe5 25. f4 Rb6+ 26. Ka1 Qa3 27. Nb3 Nc4 28. Qd4 Rd6 29. Qc3 b5 30. Bd5 Rxd5 31. Rg1 g6 0-1